Propuesta de un manual de procedimientos y funciones para la empresa Arroz el Buen Samaritano del municipio de Sébaco
El objetivo de este estudio es proponer un manual de procedimientos y funciones es un sistema del control interno en el cual se detalla las instrucciones, responsabilidades y reglamentos de las distintas operaciones que se realiza de forma individual o colectiva
| Main Authors: | , , |
|---|---|
| Other Authors: | |
| Format: | Tesis Section = Libro |
| Language: | Undetermined Spanish |
| Published: |
Managua
UNI
2021
|
| Subjects: |
| LEADER | 01190nam a2200277Ia 4500 | ||
|---|---|---|---|
| 008 | 240830s9999 xx 000 0 und d | ||
| 040 | |a BIBLIOTECA-RUPAP/ Mon 658.402 C352 | ||
| 041 | |a spa | ||
| 082 | |a Mon 658.402 C352 | ||
| 100 | 1 | |a Castillo Laguna, Jorge Eliuth | |
| 100 | 1 | |b Flores García, Emily José | |
| 100 | 1 | |c Morsa Picado, Adela Eunice | |
| 245 | 1 | 0 | |a Propuesta de un manual de procedimientos y funciones para la empresa Arroz el Buen Samaritano del municipio de Sébaco |
| 260 | |a Managua |b UNI |c 2021 | ||
| 300 | |a 133 p.: il. | ||
| 500 | |a Contiene: anexos y CD. | ||
| 502 | |a Tesis (Ingeniero Industrial) - UNI, 2021. | ||
| 520 | 3 | |a El objetivo de este estudio es proponer un manual de procedimientos y funciones es un sistema del control interno en el cual se detalla las instrucciones, responsabilidades y reglamentos de las distintas operaciones que se realiza de forma individual o colectiva | |
| 650 | 7 | |a ESTRUCTURA ORGANIZACIONAL | |
| 650 | 7 | |b MANUALES ADMINISTRATIVOS | |
| 650 | 7 | |c MANUAL DE FUNCIONES | |
| 650 | 7 | |d DESCRIPCION DE PUESTO DE TRABAJO | |
| 700 | 1 | |a Tutor: |b Pineda Rodríguez, Keylin Mayela | |
| 942 | |c BK |2 ddc | ||
| 991 | |a TESIS | ||
| 999 | |c 19126 | ||